OCR Nationals ICT. (Record no. 155)

MARC details
005 - DATE AND TIME OF LATEST TRANSACTION
control field 20250617142929.0
020 ## - INTERNATIONAL STANDARD BOOK NUMBER
International Standard Book Number 978 1 905292 77 6
082 ## - DEWEY DECIMAL CLASSIFICATION NUMBER
Classification number 004 AND
100 ## - MAIN ENTRY--PERSONAL NAME
Author name ANDERSON, K.
245 ## - TITLE STATEMENT
Title OCR Nationals ICT.
260 ## - PUBLICATION, DISTRIBUTION, ETC.
Place of publication, distribution, etc. London,
Name of publisher, distributor, etc. Payne - Gall way,
Date of publication, distribution, etc. 2009.
300 ## - PHYSICAL DESCRIPTION
Extent v, 400p.: ill.; figure, picture.
Other physical details Index
Dimensions 26cm
700 ## - ADDED ENTRY--PERSONAL NAME
Other authors/Editors MANSON, G. & WHITE, V.
856 ## - ELECTRONIC LOCATION AND ACCESS
Link text Access online book
Electronic name Computer.
Path www.pearsonschoolsandfe.co.uk
942 ## - ADDED ENTRY ELEMENTS (KOHA)
Source of classification or shelving scheme Dewey Decimal Classification
Koha item type Books
Holdings
Date last seen Total checkouts Full call number Barcode Cost, replacement price Price effective from Koha item type Lost status Source of classification or shelving scheme Damaged status Not for loan Withdrawn status Home library Current library Shelving location Date acquired Cost, normal purchase price
03/07/2025   004 AND 000000350 30000.00 03/07/2025 Books   Dewey Decimal Classification       College of Business Education Main Library College of Business Education Main Library General Collection 03/07/2025 10000.00